BIBLIOTECA PODER JUDICIAL
Portal Judicial TDF

Atribución del uso de la vivienda familiar : (Registro nro. 5441)

000 -LEADER
fixed length control field 01469nab a22002417a 4500
003 - CONTROL NUMBER IDENTIFIER
control field OSt
005 - DATE AND TIME OF LATEST TRANSACTION
control field 20250909104638.0
008 - FIXED-LENGTH DATA ELEMENTS--GENERAL INFORMATION
fixed length control field 190604e xxu||||| |||| 00| 0 spa d
040 ## - CATALOGING SOURCE
Transcribing agency PJ
100 ## - MAIN ENTRY--PERSONAL NAME
Personal name Pedraza, Marco
9 (RLIN) 6270
245 13 - TITLE STATEMENT
Title Atribución del uso de la vivienda familiar :
Remainder of title luces, sombras e interrogantes de una regulación perfectible /
Statement of responsibility, etc Marco Pedraza.
260 ## - PUBLICATION, DISTRIBUTION, ETC. (IMPRINT)
Place of publication, distribution, etc Ciudad Autónoma de Buenos Aires :
Name of publisher, distributor, etc Thomson Reuters La Ley,
Date of publication, distribution, etc 2025.
300 ## - PHYSICAL DESCRIPTION
Extent p. 137-157
500 ## - GENERAL NOTE
General note Cita Online: TR LALEY AR/DOC/37/2025.<br/>
505 ## - FORMATTED CONTENTS NOTE
Formatted contents note Sumario: I. Palabras introductorias.— II. Un necesario punto de partida: la atribución del uso de la vivienda familiar como efecto del divorcio o del cese de la unión convivencial. Concepto y ubicación metodológica.— III. La atribución del uso de la vivienda familiar como efecto del divorcio.— IV. La atribución del uso de la vivienda como efecto del cese de la unión convivencial: una protección rígida, endeble y precaria.— V. Palabras finales.<br/><br/>
505 ## - FORMATTED CONTENTS NOTE
Title ¿Te interesa el texto completo? Solicitalo al correo: koha@justierradelfuego.gov.ar<br/>
650 #0 - SUBJECT ADDED ENTRY--TOPICAL TERM
9 (RLIN) 1497
Topical term or geographic name as entry element CODIGO CIVIL Y COMERCIAL
650 #0 - SUBJECT ADDED ENTRY--TOPICAL TERM
9 (RLIN) 5362
Topical term or geographic name as entry element VIVIENDA FAMILIAR
650 #0 - SUBJECT ADDED ENTRY--TOPICAL TERM
9 (RLIN) 1053
Topical term or geographic name as entry element UNIONES CONVIVENCIALES
650 #0 - SUBJECT ADDED ENTRY--TOPICAL TERM
9 (RLIN) 5573
Topical term or geographic name as entry element ATRIBUCIÓN DE LA VIVIENDA
773 0# - HOST ITEM ENTRY
Host Biblionumber 2714
Host Itemnumber 3171
Place, publisher, and date of publication Ciudad Autónoma de Buenos Aires : Thomson Reuters La Ley, 2014-
Title Revista anales de legislación argentina. Nº 4 - Abril 2025.
942 ## - ADDED ENTRY ELEMENTS (KOHA)
Source of classification or shelving scheme
Koha item type Analítica Artículo de Revista

No hay ítems disponibles.

12 de Octubre 789 Ushuaia - Tel:  54(02901)441571
Horario de Atención: 8.00 a 17.00 hs. 
bibliotecaush@justierradelfuego.gov.ar
koha@justierradelfuego.gov.ar
Seguinos en nuestras redes @bibliojustdf 

Con tecnología Koha